000 01239nam a2200229 a 4500
005 20200104041610.0
008 140129b2006 ck ||||| |||| 00| 0 spa d
041 _aspa
044 _ack
090 _aIAVH
_b00949
100 _aVieira M., María Isable
_95621
245 _aPropuesta para la elaboración de criterios de cobertura geografica para negocios de biodiversidad y apoyo al mercado de actividades de mercado a nivel de Colombia
260 _aBogotá
_bInstituto Alexander von Humboldt
_c2006
300 _a74 p.
520 _aEste artículo pertenece a la publicación adelantada en el marco del proyecto šFacilitación de financiamiento para negocios basados en la biodiversidad y apoyo a actividades de desarrollo de mercados en la región Andina š; define y propone una metodología para la identificación de áreas geográficas prioritarias con potencial de producción y comercialización de recursos, que se enmarquen en las actividades desarrolladas por Biocomercio en el país.
650 _aBiocomercio
_992419
650 _aMetodología
_9120
650 _aAreas prioritarias de producción y comercialización
_95622
700 _aQuiceno M., María Paula
_95623
942 _cCD-ROM
_2z
945 _d2008-08-25
999 _c6483
_d6483